| 000 | 00559cam a22002053a 4500 | ||
|---|---|---|---|
| 001 | 35436 | ||
| 003 | PGUSA | ||
| 005 | 20140828083749.0 | ||
| 008 | 110301s2011||||xxu|||||s|||||000 | eng d | ||
| 040 |
_aPGUSA _beng |
||
| 042 | _adc | ||
| 100 | 1 | _aTrent, Hilary | |
| 245 | 1 | 0 |
_aMr. Claghorn's Daughter _h[electronic resource] / _cHilary Trent |
| 260 |
_bProject Gutenberg, _c2011 |
||
| 506 | _aPublic domain in the USA. | ||
| 516 | _aElectronic text | ||
| 830 | 0 |
_aProject Gutenberg _v35436 |
|
| 856 | 4 | 0 | _uhttp://www.gutenberg.org/ebooks/35436 |
| 942 | _cEB | ||
| 999 |
_c264691 _d264691 |
||